| 000 | 00716nam a2200217 a 4500 | ||
|---|---|---|---|
| 003 | MX-MxUPN | ||
| 005 | 20231019160313.0 | ||
| 008 | 230925s1998 mx |||||rb||| 000 0 spa d | ||
| 020 | _a9706543252 | ||
| 040 |
_aMX-MxUPN _bspa _cMX-MxUPN |
||
| 041 | 0 | _aspa | |
| 050 | 1 | 4 |
_aQ180 A1 _bO28 1998 |
| 245 |
_aOctava semana de la investigación científica : _b14-18 de julio de 1997 |
||
| 260 |
_aMéxico, D.F. : _bUniversidad Autónoma Metropolitana, Unidad Xochimilco, _c1998 |
||
| 300 | _a266 páginas | ||
| 490 | 0 | _aCuadernos de extensión universitaria | |
| 504 | _aIncluye referencias bibliográficas. | ||
| 650 | 4 |
_aInvestigación _97412 |
|
| 902 |
_aLC25092023 _bVíctor Ruiz/191023 |
||
| 942 |
_2lcc _cLIBRO |
||
| 999 |
_c210373 _d210373 |
||